Analysis of responses to the public consultation on the Scottish Marine Bill (Record no. 109190)
[ view plain ]
| 000 -LEADER | |
|---|---|
| fixed length control field | 01324cad a22002415a 4500 |
| 001 - CONTROL NUMBER | |
| control field | E146472 |
| 008 - FIXED-LENGTH DATA ELEMENTS--GENERAL INFORMATION | |
| fixed length control field | 090123s2009 xxk f s000 0 eng d |
| 020 ## - INTERNATIONAL STANDARD BOOK NUMBER | |
| International Standard Book Number | 9780755973996 |
| 035 ## - SYSTEM CONTROL NUMBER | |
| System control number | (Sirsi) u146472 |
| 041 0# - LANGUAGE CODE | |
| Language code of text/sound track or separate title | eng |
| 050 04 - LIBRARY OF CONGRESS CALL NUMBER | |
| Classification number | 333.9164 $2 18 |
| 110 2# - MAIN ENTRY--CORPORATE NAME | |
| Corporate name or jurisdiction name as entry element | Frontline Consultants |
| 9 (RLIN) | 5690 |
| 245 00 - TITLE STATEMENT | |
| Title | Analysis of responses to the public consultation on the Scottish Marine Bill |
| Medium | [electronic resource] |
| 260 ## - PUBLICATION, DISTRIBUTION, ETC. | |
| Place of publication, distribution, etc. | Edinburgh |
| Name of publisher, distributor, etc. | Scottish Government Social Research |
| Date of publication, distribution, etc. | 2009 |
| 505 2# - FORMATTED CONTENTS NOTE | |
| Formatted contents note | Executive summary -- Introduction -- Mehtodology -- Sources of responses -- Setting the scene -- Marine planning and integrated coastal zone management -- Licensing and enforcement -- Nature conservation -- Science and data -- Marine Scotland -- Sectoral analysis -- Campaign responses -- Conclusions -- Annex 1: glossary of terms -- Annex 2: respondents |
| 520 ## - SUMMARY, ETC. | |
| Summary, etc. | Sets out responses to the Scottish Government's consultation on the Scottish Marine Bill (see E144575 for the original consultation document). |
| 521 ## - TARGET AUDIENCE NOTE | |
| Target audience note | Advanced |
| 590 ## - LOCAL NOTE (RLIN) | |
| Local note | KA |
| 651 #4 - SUBJECT ADDED ENTRY--GEOGRAPHIC NAME | |
| Geographic name | Scotland |
| Chronological subdivision | 1999- |
| 690 ## - LOCAL SUBJECT ADDED ENTRY--TOPICAL TERM (OCLC, RLIN) | |
| Topical term or geographic name as entry element | PROPERTY-RURAL AND NATURAL ASSETS-MARINE RESOURCES-MARINE RESOURCE MANAGEMENT |
| 856 40 - ELECTRONIC LOCATION AND ACCESS | |
| Uniform Resource Identifier | <a href="https://www.scotland.gov.uk/Publications/2009/01/22160605/0">https://www.scotland.gov.uk/Publications/2009/01/22160605/0</a> |
| Public note | View the report free of charge at www.scotland.gov.uk... |
| 942 ## - ADDED ENTRY ELEMENTS (KOHA) | |
| Suppress in OPAC | 0 |
| Withdrawn status | Lost status | Source of classification or shelving scheme | Damaged status | Not for loan | Home library | Current library | Shelving location | Date acquired | Total Checkouts | Full call number | Barcode | Date last seen | Copy number | Price effective from | Koha item type |
|---|---|---|---|---|---|---|---|---|---|---|---|---|---|---|---|
| Dewey Decimal Classification | Virtual | Virtual | Online | 23/01/2009 | ONLINE PUBLICATION | 146472-2001 | 06/08/2019 | 1 | 06/08/2019 | Book |